[Event "Baden-ch U12"]
[Site "Neuenbuerg/Enz"]
[Date "2008.01.04"]
[Round "1"]
[White "Meller, Stefan"]
[Black "Weber, Clemens"]
[Result "0-1"]
[WhiteElo "756"]
[BlackElo "1326"]
[PlyCount "50"]
[EventDate "2008.01.04"]
[EventType "swiss"]
[EventRounds "7"]
[EventCountry "GER"]
[SourceTitle "EXT 2009"]
[Source "ChessBase"]
[SourceDate "2008.11.26"]
[SourceVersion "1"]
[SourceVersionDate "2008.11.26"]
[SourceQuality "1"]

1. e4 e5 2. Nf3 Nc6 3. Nc3 Nf6 4. Bc4 Nxe4 5. Nxe4 d5 6. Bxd5 Qxd5 7. Nc3 Qd8 8. d3 Bd6 9. Be3 0-0 10. 0-0 Bg4 11. h3 Bh5 12. Bg5 f6 13. Bh4 Qd7 14. Re1 Nd4 15. Nd5 Nxf3+ 16. gxf3 Qxh3 17. Bg3 f5 18. f4 Bxd1 19. Raxd1 exf4 20. Bxf4 Qg4+ 21. Kf1 Bxf4 22. Ne7+ Kh8 23. Re2 Qh3+ 24. Kg1 Qh2+ 25. Kf1 Qh1# 0-1